LIBRARY & INFORMATION CENTRE, KCAET, TAVANUR

ONLINE PUBLIC ACCESS CATALOGUE (OPAC)

Graphic user interface programming with C / (Record no. 2586)

MARC details
000 -LEADER
fixed length control field 00465cam a2200181ua 4500
041 ## - LANGUAGE CODE
Language code of text/sound track or separate title eng
082 ## - DEWEY DECIMAL CLASSIFICATION NUMBER
Classification number 005.133
Item number LAD/GR
100 ## - MAIN ENTRY--AUTHOR NAME
Personal name Ladymon, Robert F .
245 ## - TITLE STATEMENT
Title Graphic user interface programming with C /
250 ## - EDITION STATEMENT
Edition statement 1 /
260 ## - PUBLICATION, DISTRIBUTION, ETC. (IMPRINT)
Place of publication New Delhi :
Name of publisher BPB Publications ,
Year of publication 1993.
300 ## - PHYSICAL DESCRIPTION
Number of Pages 356 ; .
942 ## - ADDED ENTRY ELEMENTS (KOHA)
Koha item type Books
Holdings
Withdrawn status Lost status Damaged status Home library Current library Date acquired Full call number Accession Number Koha item type
      KAUAET KAUAET 07/04/2012 005.133 18376 Books
free website counter